| 000 | 01860nam0a2200385 4500 | ||
|---|---|---|---|
| 001 | RU\NLR\BIBL_A\022595914 | ||
| 005 | 20260420051619.0 | ||
| 010 |
_a978-5-04-200968-6 _92000 |
||
| 021 |
_aRU _bКН-П-25-033841 _9КН-П-25-3345 |
||
| 035 | _a(NLR Aleph) 022595914 | ||
| 090 |
_a13680285 _c13680285 |
||
| 100 | _a20250804d2025 u y0rusy50 ca | ||
| 101 | 0 | _arus | |
| 102 | _aRU | ||
| 105 | _aa g 000yy | ||
| 181 | 0 |
_ai3 _bxxxe |
|
| 182 | 0 | _an | |
| 200 | 1 |
_aНутрициология _eполное руководство для практикующих специалистов по питанию _fТутельян В. А., Никитюк Д. Б., Погожева А. В. |
|
| 203 |
_aТекст _bвизуальный _cнепосредственный |
||
| 210 |
_aМосква _cМЕДПРОФ _cЭксмо _d2025 |
||
| 215 |
_a431 с. _cил. _d24 |
||
| 225 | 1 | _aНастольный медицинский справочник | |
| 300 | _aНа 4-й с. обл. авт.: Тутельян В. А. - акад. РАН, диетолог, Никитюк Д. Б. - акад. РАН, Погожева А. В. - д-р мед. наук, проф. | ||
| 320 | _aБиблиогр.: с. 430-431 (23 назв.) | ||
| 333 | _a16+ | ||
| 606 | 1 |
_aНутрициология _jРуководства, пособия и т.п _92301900 _3RU\NLR\AUTH\661378092 |
|
| 686 | 1 | _aР123я7 | |
| 686 | 1 | _aР351я7 | |
| 700 | 1 |
_7ca _8rus _aТутельян _bВ. А. _f1942- _gВиктор Александрович _997605 _3RU\NLR\AUTH\77114680 |
|
| 701 | 1 |
_4070 _7ca _8rus _aНикитюк _bД. Б. _f1962- _gДмитрий Борисович _93004 _3RU\NLR\AUTH\7719935 |
|
| 701 | 1 |
_aПогожева _bА. В. _gАлла Владимировна |
|
| 942 | _cBOOK | ||
| 980 | _aNB | ||